[Event "Treviso Lega op-A 2nd"]
[Site "Treviso"]
[Date "2018.03.03"]
[Round "2"]
[White "Porta, Federico"]
[Black "Litrico, Paolo"]
[Result "1/2-1/2"]
[WhiteElo "1788"]
[BlackElo "1920"]
[PlyCount "95"]
[EventDate "2018.03.02"]
[EventType "swiss"]
[EventRounds "5"]
[EventCountry "ITA"]
[SourceTitle "EXT 2022"]
[Source "ChessBase"]
[SourceDate "2021.10.06"]
[SourceVersion "1"]
[SourceVersionDate "2021.10.06"]
[SourceQuality "1"]

1. d4 Nf6 2. Bf4 e6 3. e3 c5 4. Nf3 Be7 5. h3 0-0 6. Nbd2 cxd4 7. exd4 Nc6 8. c3 b6 9. Bd3 Bb7 10. 0-0 Rc8 11. Nc4 d6 12. Re1 b5 13. Ncd2 Qb6 14. Be3 Nd5 15. Bg5 h6 16. Bh4 Nf4 17. Bf1 Bxh4 18. Nxh4 Ne7 19. Qb3 a6 20. a4 Bc6 21. axb5 axb5 22. Qb4 Rfd8 23. c4 Qxd4 24. Nhf3 Qf6 25. cxb5 Bxf3 26. Nxf3 Nxh3+ 27. gxh3 Qxf3 28. Bg2 Qh5 29. Ra7 Nd5 30. Bxd5 Qxd5 31. Qf4 e5 32. Qf5 Rb8 33. Rc1 Rxb5 34. Rcc7 Rf8 35. Rc8 Rb8 36. Rc3 Rxb2 37. Rg3 Qd1+ 38. Kg2 Rb1 39. Rg4 Qh1+ 40. Kg3 Rb3+ 41. f3 Qg1+ 42. Kh4 Qxa7 43. Qf6 g5+ 44. Rxg5+ hxg5+ 45. Qxg5+ Kh7 46. Qh5+ Kg7 47. Qg5+ Kh7 48. Qh5+ 1/2-1/2

[Event "Ottavi Province-ch 78th"]
[Site "Mestre"]
[Date "2018.01.27"]
[Round "2"]
[White "Litrico, Paolo"]
[Black "Belloni, Umberto"]
[Result "1-0"]
[WhiteElo "1897"]
[BlackElo "1715"]
[PlyCount "53"]
[EventDate "2018.01.26"]
[EventType "swiss"]
[EventRounds "5"]
[EventCountry "ITA"]
[SourceTitle "EXT 2022"]
[Source "ChessBase"]
[SourceDate "2021.10.06"]
[SourceVersion "1"]
[SourceVersionDate "2021.10.06"]
[SourceQuality "1"]

1. d4 d5 2. c4 c6 3. Nf3 a6 4. c5 Bf5 5. Bf4 Nf6 6. Qb3 Qc8 7. h3 Nbd7 8. e3 h6 9. Be2 Ne4 10. Nc3 e6 11. Na4 Nef6 12. Ne5 Nxe5 13. Nb6 Qd8 14. Nxa8 Qxa8 15. Bxe5 Nd7 16. Bh2 Be7 17. a4 0-0 18. a5 Re8 19. 0-0 f6 20. Bh5 g6 21. Bf3 Bf8 22. Rfe1 Kg7 23. e4 dxe4 24. Bxe4 Bxe4 25. Rxe4 Bxc5 26. Rae1 Bxd4 27. Rxd4 1-0

[Event "Chioggia op-A 08th"]
[Site "Chioggia"]
[Date "2013.10.13"]
[Round "4"]
[White "Santolini, Luigi"]
[Black "Litrico, Paolo"]
[Result "1/2-1/2"]
[WhiteElo "2103"]
[BlackElo "1970"]
[PlyCount "74"]
[EventDate "2013.10.10"]
[EventType "swiss"]
[EventRounds "5"]
[EventCountry "ITA"]
[SourceTitle "EXT 2024"]
[Source "ChessBase"]
[SourceDate "2023.10.10"]
[SourceVersion "1"]
[SourceVersionDate "2023.10.10"]
[SourceQuality "1"]

1. d4 f5 2. Nf3 Nf6 3. g3 g6 4. Bg2 Bg7 5. 0-0 0-0 6. b3 c5 7. e3 Nc6 8. Bb2 Ne4 9. c4 e6 10. Qe2 cxd4 11. Nxd4 Nxd4 12. Bxd4 e5 13. Bb2 b5 14. c5 Rb8 15. Bxe4 fxe4 16. Nc3 Qe7 17. Nxe4 Bb7 18. Nd6 Bf3 19. Qd3 Qe6 20. Rfb1 h5 21. e4 h4 22. Qd5 Qxd5 23. exd5 hxg3 24. fxg3 Bxd5 25. Re1 e4 26. Bxg7 Kxg7 27. Nxe4 Rf3 28. Rad1 Bc6 29. Nd6 Rbf8 30. Rf1 Rc3 31. Rxf8 Kxf8 32. b4 Rc2 33. Rf1+ Kg8 34. Rf2 Rc1+ 35. Rf1 Rc2 36. Rf2 Rc1+ 37. Rf1 Rc2 1/2-1/2

[Event "Chioggia op-A 08th"]
[Site "Chioggia"]
[Date "2013.10.12"]
[Round "2"]
[White "Gallo, Enrico"]
[Black "Litrico, Paolo"]
[Result "0-1"]
[WhiteElo "2114"]
[BlackElo "1970"]
[PlyCount "156"]
[EventDate "2013.10.10"]
[EventType "swiss"]
[EventRounds "5"]
[EventCountry "ITA"]
[SourceTitle "EXT 2024"]
[Source "ChessBase"]
[SourceDate "2023.10.10"]
[SourceVersion "1"]
[SourceVersionDate "2023.10.10"]
[SourceQuality "1"]

1. e4 e5 2. Nf3 Nc6 3. Bb5 a6 4. Ba4 Nf6 5. 0-0 Nxe4 6. Bxc6 dxc6 7. Qe2 Nf6 8. d4 e4 9. Nc3 Bf5 10. Nh4 Bg4 11. f3 Bh5 12. g4 Qxd4+ 13. Be3 exf3 14. Bxd4+ fxe2 15. Rxf6 gxf6 16. gxh5 0-0-0 17. Nxe2 Rg8+ 18. Kf1 Rd5 19. Bxf6 Rxh5 20. Ng3 Rh6 21. Ne4 Rxh4 22. Bxh4 Rg4 23. Re1 Rxh4 24. Kg2 Bd6 25. h3 Rh6 26. Rf1 Rg6+ 27. Kh1 Rg7 28. c4 Be5 29. b3 Bd4 30. Rd1 c5 31. b4 b6 32. bxc5 bxc5 33. Rf1 f6 34. Rf5 Rg1+ 35. Kh2 Ra1 36. Nxf6 Rxa2+ 37. Kg3 Bxf6 38. Rxf6 Ra3+ 39. Kg4 Rc3 40. Rxa6 Rxc4+ 41. Kg5 Rd4 42. Ra5 c6 43. h4 Kb7 44. h5 Kb6 45. Ra1 Rd7 46. Rb1+ Ka5 47. h6 c4 48. Kf4 Rd6 49. Ke5 Rxh6 50. Kd4 Rh5 51. Kxc4 Rb5 52. Rf1 h5 53. Rf8 Kb6 54. Rh8 Rg5 55. Kc3 Kc5 56. Rh6 Kd5 57. Rh8 Ke4 58. Kd2 c5 59. Re8+ Kf4 60. Rf8+ Kg4 61. Ke2 Re5+ 62. Kd3 h4 63. Rg8+ Kf3 64. Rf8+ Kg2 65. Rg8+ Kh2 66. Kd2 h3 67. Rg6 Kh1 68. Rg3 Kh2 69. Rg4 Rd5+ 70. Ke2 Rd4 71. Rg8 c4 72. Kf2 Rd2+ 73. Ke1 Rg2 74. Rh8 c3 75. Kd1 Rg3 76. Re8 Kg2 77. Re2+ Kf3 78. Re8 h2 0-1

[Event "Padova op-A 15th"]
[Site "Padova"]
[Date "2012.12.19"]
[Round "5"]
[White "Litrico, Paolo"]
[Black "Santolini, Luigi"]
[Result "0-1"]
[WhiteElo "1978"]
[BlackElo "2144"]
[PlyCount "66"]
[EventDate "2012.12.16"]
[EventType "swiss"]
[EventRounds "9"]
[EventCountry "ITA"]
[SourceTitle "EXT 2024"]
[Source "ChessBase"]
[SourceDate "2023.10.10"]
[SourceVersion "1"]
[SourceVersionDate "2023.10.10"]
[SourceQuality "1"]

1. d4 Nf6 2. Nf3 e6 3. Bf4 c5 4. e3 Nc6 5. Nbd2 Be7 6. Nc4 d5 7. Nce5 cxd4 8. exd4 Qb6 9. Rb1 0-0 10. c3 Ne4 11. Bd3 Nxe5 12. Nxe5 f6 13. Nc4 Qc6 14. Nd2 e5 15. Be3 Nxd2 16. Qxd2 e4 17. Bc2 b6 18. 0-0 Ba6 19. Rfe1 Rac8 20. Bf4 Qd7 21. Qe3 Rf7 22. f3 g5 23. Bg3 f5 24. f4 g4 25. Qf2 Qd8 26. Qd2 Rc6 27. Ra1 Rg7 28. Ba4 Rcg6 29. Bb3 h5 30. Bf2 g3 31. Be3 gxh2+ 32. Kxh2 Bh4 33. Rg1 Bg3+ 0-1

[Event "Chioggia op-A 07th"]
[Site "Chioggia"]
[Date "2012.10.13"]
[Round "2"]
[White "Marchioli, Roberto"]
[Black "Litrico, Paolo"]
[Result "1/2-1/2"]
[WhiteElo "1894"]
[BlackElo "1981"]
[PlyCount "56"]
[EventDate "2012.10.12"]
[EventType "swiss"]
[EventRounds "5"]
[EventCountry "ITA"]
[SourceTitle "EXT 2014"]
[Source "ChessBase"]
[SourceDate "2013.11.20"]
[SourceVersion "1"]
[SourceVersionDate "2013.11.20"]
[SourceQuality "1"]

1. e4 e5 2. Nf3 Nc6 3. Bb5 a6 4. Ba4 Nf6 5. 0-0 Nxe4 6. d4 b5 7. Bb3 d5 8. dxe5 Be6 9. Nbd2 Bc5 10. c3 0-0 11. Qe2 Bf5 12. a4 b4 13. Nxe4 dxe4 14. Ng5 Qd3 15. Qxd3 exd3 16. e6 Na5 17. exf7+ Kh8 18. Be6 Bxe6 19. Nxe6 Nb3 20. Be3 Bxe3 21. fxe3 Nxa1 22. Nxf8 Rxf8 23. Rxa1 bxc3 24. bxc3 Rxf7 25. Rd1 Rd7 26. Kf2 c5 27. c4 Kg8 28. Rd2 Rb7 1/2-1/2

[Event "Noale Szabados Memorial-A 5th"]
[Site "Noale"]
[Date "2012.02.04"]
[Round "3"]
[White "Sorbera, Giovanni"]
[Black "Litrico, Paolo"]
[Result "1-0"]
[WhiteElo "2159"]
[BlackElo "1979"]
[PlyCount "73"]
[EventDate "2012.02.03"]
[EventType "swiss"]
[EventRounds "5"]
[EventCountry "ITA"]
[SourceTitle "EXT 2022"]
[Source "ChessBase"]
[SourceDate "2021.10.06"]
[SourceVersion "1"]
[SourceVersionDate "2021.10.06"]
[SourceQuality "1"]

1. e4 e5 2. Nf3 Nc6 3. Bb5 a6 4. Bxc6 dxc6 5. d3 Bc5 6. Be3 Qe7 7. Nbd2 Bg4 8. h3 Bh5 9. 0-0 Nf6 10. Nc4 Nd7 11. c3 Rd8 12. b4 Bxe3 13. fxe3 0-0 14. Na5 Rb8 15. Qe1 f5 16. exf5 Rxf5 17. g4 e4 18. dxe4 Qxe4 19. gxf5 Bxf3 20. Qg3 Ne5 21. f6 g6 22. Qf4 Qc2 23. Rxf3 Nxf3+ 24. Qxf3 Qxc3 25. f7+ Kf8 26. Rf1 Rd8 27. Nxb7 Rd5 28. Qe4 Re5 29. Qd4 Qxe3+ 30. Qxe3 Rxe3 31. Nc5 Re7 32. Nxa6 Rxf7 33. Nc5 Ke7 34. Rxf7+ Kxf7 35. a4 Ke7 36. a5 Kd8 37. a6 1-0

[Event "Ravenna Lido Adriano op 1st"]
[Site "Ravenna"]
[Date "2011.04.02"]
[Round "1"]
[White "Litrico, Paolo"]
[Black "Vovk, Andrey"]
[Result "0-1"]
[WhiteElo "1963"]
[BlackElo "2528"]
[PlyCount "87"]
[EventDate "2011.04.02"]
[EventType "swiss"]
[EventRounds "9"]
[EventCountry "ITA"]
[SourceTitle "EXT 2012"]
[Source "ChessBase"]
[SourceDate "2011.11.24"]
[SourceVersion "1"]
[SourceVersionDate "2011.11.24"]
[SourceQuality "1"]

1. d4 Nf6 2. Nf3 g6 3. Nc3 d5 4. Bf4 Bg7 5. e3 0-0 6. Be2 c5 7. Ne5 Qb6 8. 0-0 cxd4 9. exd4 Bf5 10. Na4 Qd8 11. Nc5 b6 12. Ncd3 Ne4 13. c3 f6 14. Ng4 Be6 15. f3 Nd6 16. Bh6 Nc6 17. Bxg7 Kxg7 18. Qd2 Bxg4 19. fxg4 Nc4 20. Qc1 e5 21. b3 Nd6 22. Qb2 Nf7 23. Rad1 Qe7 24. Nf2 Rad8 25. Bb5 Qc7 26. Nh3 h6 27. Bd3 Ng5 28. Nxg5 hxg5 29. Qf2 e4 30. Be2 f5 31. gxf5 gxf5 32. g3 Rf6 33. c4 Rh8 34. cxd5 Ne7 35. d6 Qxd6 36. d5 Rfh6 37. Qd4+ Kg6 38. Rf2 Qxg3+ 39. Rg2 Qd6 40. Qe3 Rxh2 41. Qxg5+ Kf7 42. Qg7+ Ke8 43. Bb5+ Kd8 44. Bf1 0-1

[Event "Cento op 1st"]
[Site "Cento"]
[Date "2011.02.11"]
[Round "7"]
[White "Litrico, Paolo"]
[Black "Cocchi, Andrea"]
[Result "0-1"]
[WhiteElo "1954"]
[BlackElo "2281"]
[PlyCount "72"]
[EventDate "2011.02.05"]
[EventType "swiss"]
[EventRounds "9"]
[EventCountry "ITA"]
[SourceTitle "CBM 140 Extra"]
[Source "ChessBase"]
[SourceDate "2011.03.01"]
[SourceVersion "1"]
[SourceVersionDate "2011.03.01"]
[SourceQuality "1"]

1. d4 e6 2. Nf3 c5 3. Nc3 cxd4 4. Nxd4 d6 5. e4 Nf6 6. Be3 a6 7. Qf3 Nbd7 8. Be2 Qc7 9. 0-0 Be7 10. a4 0-0 11. Qg3 Kh8 12. f4 b6 13. Bf3 Bb7 14. e5 Ne8 15. Bxb7 Qxb7 16. Nf3 Rc8 17. Bd4 dxe5 18. fxe5 Nc7 19. Rae1 Nd5 20. Ng5 Bxg5 21. Qxg5 Rc4 22. Nxd5 Rxd4 23. Nf4 f6 24. exf6 gxf6 25. Qh6 Rg8 26. Re2 e5 27. Ne6 Rdg4 28. Qd2 Qc6 29. Nd8 Rxd8 30. Rd1 Rdg8 31. Kh1 Rd4 32. Qe1 Rxd1 33. Qxd1 Qxa4 34. h3 Qc6 35. Qf1 Qd5 36. Rf2 b5 0-1

[Event "Cento op 1st"]
[Site "Cento"]
[Date "2011.02.09"]
[Round "5"]
[White "Litrico, Paolo"]
[Black "Calavalle, Giulio"]
[Result "1-0"]
[WhiteElo "1954"]
[BlackElo "2237"]
[PlyCount "23"]
[EventDate "2011.02.05"]
[EventType "swiss"]
[EventRounds "9"]
[EventCountry "ITA"]
[SourceTitle "CBM 140 Extra"]
[Source "ChessBase"]
[SourceDate "2011.03.01"]
[SourceVersion "1"]
[SourceVersionDate "2011.03.01"]
[SourceQuality "1"]

1. d4 d5 2. Bf4 c6 3. Nf3 Nf6 4. Nbd2 Nbd7 5. e3 e6 6. Bd3 Be7 7. c3 0-0 8. Ne5 Re8 9. Qf3 Nf8 10. Qh3 N6d7 11. Bg3 f6 12. Bxh7+ 1-0

[Event "Cento op 1st"]
[Site "Cento"]
[Date "2011.02.06"]
[Round "2"]
[White "Castelli, Abele"]
[Black "Litrico, Paolo"]
[Result "0-1"]
[WhiteElo "1684"]
[BlackElo "1954"]
[PlyCount "66"]
[EventDate "2011.02.05"]
[EventType "swiss"]
[EventRounds "9"]
[EventCountry "ITA"]
[SourceTitle "CBM 140 Extra"]
[Source "ChessBase"]
[SourceDate "2011.03.01"]
[SourceVersion "1"]
[SourceVersionDate "2011.03.01"]
[SourceQuality "1"]

1. e4 e5 2. f4 exf4 3. Nf3 g5 4. h4 g4 5. Ne5 d6 6. Nxg4 Nf6 7. Nf2 Rg8 8. d4 Bh6 9. Nc3 Nc6 10. Ne2 Nh5 11. c3 Ng3 12. Nxg3 Rxg3 13. Qh5 Qf6 14. e5 Qe6 15. Ne4 Rg6 16. Kf2 dxe5 17. d5 Qf5 18. Qxf5 Bxf5 19. dxc6 Bxe4 20. cxb7 Bxb7 21. Rg1 0-0-0 22. g3 fxg3+ 23. Ke1 Bxc1 24. Rxc1 Bf3 25. Bg2 Bxg2 26. Rxg2 f5 27. Ke2 f4 28. Kf3 Rd3+ 29. Ke4 Re3+ 30. Kf5 f3 31. Rgg1 f2 32. Rgf1 Re2 33. h5 Rg8 0-1

[Event "Chioggia op-A 05th"]
[Site "Chioggia"]
[Date "2010.10.10"]
[Round "4"]
[White "Belloni, Umberto"]
[Black "Litrico, Paolo"]
[Result "0-1"]
[WhiteElo "1842"]
[BlackElo "1912"]
[PlyCount "76"]
[EventDate "2010.10.08"]
[EventType "swiss"]
[EventRounds "5"]
[EventCountry "ITA"]
[SourceTitle "EXT 2022"]
[Source "ChessBase"]
[SourceDate "2021.10.06"]
[SourceVersion "1"]
[SourceVersionDate "2021.10.06"]
[SourceQuality "1"]

1. d4 f5 2. Bg5 Nf6 3. c3 e6 4. Nd2 Be7 5. Bxf6 Bxf6 6. e3 0-0 7. f4 b6 8. Ngf3 Bb7 9. h4 Nc6 10. Qe2 Ne7 11. Qf2 c5 12. Bd3 Rc8 13. Ke2 Qe8 14. h5 cxd4 15. cxd4 Nd5 16. a3 d6 17. g3 Rd8 18. e4 fxe4 19. Nxe4 e5 20. dxe5 dxe5 21. f5 Qa4 22. Rhd1 h6 23. Ne1 Rfe8 24. Kf3 Ne7 25. Bc2 Bxe4+ 26. Bxe4 Rxd1 27. Bc2 Qc6+ 28. Be4 Qd6 29. Rxd1 Qxd1+ 30. Kg2 Rd8 31. Nf3 Rc8 32. Qe3 Rc1 33. Kh3 Qf1+ 34. Kg4 Qc4 35. Nd2 Qc8 36. Nb3 Rf1 37. Kh3 Qd7 38. Qe2 Qd1 0-1